MARC

LEADER 00000nam0a2200000 4500
001 360020
005 20250211063213.0
035 |a (RuTPU)RU\TPU\retro\17327 
035 |a RU\TPU\retro\17326 
090 |a 360020 
100 |a 20210224d1970 k y0rusy5003 ca 
101 0 |a rus 
102 |a RU 
105 |a y z 001zy 
200 1 |a Электромагнитные методы контроля изделий  |e [тематический сборник]  |f Московский энергетический институт ; под ред. В. Г. Герасимова 
210 |a Москва  |c Изд-во МЭИ  |d 1970 
215 |a 155 с.  |c табл., ил. 
225 1 |a Труды Московского энергетического института (МЭИ)  |v Вып. 73 
320 |a Библиогр. в конце ст. 
500 1 0 |a Труды Московского энергетического института  |9 88841 
606 1 |a Дефектоскопия электромагнитная  |2 stltpush  |3 (RuTPU)RU\TPU\subj\39067  |9 59284 
610 1 |a датчики 
610 1 |a электромагнитное поле 
610 1 |a многослойные трубы 
610 1 |a анализ 
610 1 |a проходные датчики 
610 1 |a контроль 
610 1 |a гармонический состав 
610 1 |a ферромагнитные изделия 
610 1 |a конечные разности 
610 1 |a дефекты 
610 1 |a толщина 
610 1 |a погрешностный анализ 
610 1 |a накладные датчики 
610 1 |a напряжения 
610 1 |a амплитудно-фазовые модели 
610 1 |a токовихревые датчики 
610 1 |a краевой эффект 
610 1 |a экспериментальные исследования 
610 1 |a четырехполюсники 
675 |a 620.179.14  |v 3 
702 1 |a Герасимов  |b В. Г.  |4 340 
712 0 2 |a Московский энергетический институт  |c (1930-1992)  |3 (RuTPU)RU\TPU\col\20092  |9 27693 
801 0 |a RU  |b 63413507  |c 19950704  |g psbo 
801 1 |a RU  |b 63413507  |c 20060118  |g PSBO 
801 2 |a RU  |b 63413507  |c 20220208  |g PSBO 
942 |c BK